000 00455nam a2200157 4500
001 111168
003 ES-MaACL
005 20230906185245.0
007 t|
008 061121s1917 ag r ||||1| spa d
100 1 _aOlascoaga, Laurentino.
_986665
245 1 3 _aEl ideal argentino
_b: algo de sociología /
_cLaurentino Olascoaga.
260 _aBuenos Aires :
_bMartino y Gutiérrez,
_c1917.
300 _a210 p. ;
_c19 cm.
852 _aES-MaACL
_jD-1387
999 _c111168
_d111168